Artistas españoles más populares de cada año - Estadísticas

Estadísticas generales
  • Esta prueba ha sido intentada 630 veces
  • La puntuación promedio es 14 de 53
Estadísticas de respuestas
Año Artista español más escuchado % Correcto
2019 Rosalía
75%
2022 Rosalía
75%
2018 Aitana
65%
2002 David Bisbal
63%
2004 David Bisbal
63%
2015 Melendi
53%
1995 Alejandro Sanz
52%
1997 Alejandro Sanz
52%
2000 Alejandro Sanz
52%
2003 Alejandro Sanz
52%
2012 Pablo Alborán
44%
2013 Pablo Alborán
44%
2017 Pablo Alborán
44%
2011 Enrique Iglesias
43%
2014 Enrique Iglesias
43%
2016 Enrique Iglesias
43%
1999 Estopa
41%
2010 Estopa
41%
2006 La Oreja de Van Gogh
39%
1991 Mecano
33%
2021 C Tangana
32%
1982 Rocío Jurado
28%
1971 Nino Bravo
27%
1986 Hombres G
26%
1987 Hombres G
26%
1988 Hombres G
26%
1985 Alaska y Dinarama
23%
1980 Miguel Bosé
22%
2005 Miguel Bosé
22%
1977 Camilo Sesto
17%
1990 Heroes del Silencio
13%
1993 Heroes del Silencio
13%
2020 Omar Montes
10%
1976 Jose Luis Perales
8%
2007 Nena Daconte
7%
2001 Alex Ubago
6%
2009 Juan Magan
6%
1989 Los Ronaldos
6%
1998 Jarabe de Palo
5%
1996 Rosana
5%
1979 Tequila
5%
1981 Tequila
5%
1974 Juan Pardo
4%
1984 La Unión
4%
1978 Pecos
4%
2008 Macaco
3%
1972 Mari Trini
3%
1983 Miguel Ríos
3%
1973 Nino Bravo
2%
1992 Presuntos Implicados
2%
1994 Amistades Peligrosas
1%
1970 Los Diablos
1%
1975 Desmadre 75
0%
No se encontraron pruebas coincidentes
Distribución de puntuación
Porcentaje de gente con cada puntuación
Porcentaje por número respondido
Historial de tus puntuaciones
No has intentado esta prueba.